000 00484nam a2200157Ia 4500
005 20250923150028.0
008 008 250917s9999 xx 000 0 eng d
037 _aReports
040 _aDSWL
_beng
_cDSWL
041 _aeng
_2eng
084 _aY57-25N23, N97
_qDSWL
245 0 _aSlums in India NSS 49th round, Jan to June 93 report no. 17
_c by N.S.S.O. India.
260 _aNew Delhi
_bN.S.S.O.
_c1997
942 _cREP
_hY57-25N23, N97
999 _c1458695
_d1458695